000 00956cad a22002055a 4500
001 E154172
008 111024s2011 xxk f s000 0 eng d
020 _a9781780454771
035 _a(Sirsi) u154172
041 0 _aeng
110 2 _aScotland
_bScottish Government
_95344
245 0 0 _aRenewable energy
_bThe Renewables Obligation (Scotland) Order 2011, consultation on review of ROC bands
_h[electronic resource]
260 _aEdinburgh
_bScottish Government
_c2011
520 _aSeeks views on proposed changes to the Renewables Obligation (Scotland) Order 2011, specifically Renewables Obligation Certificates (ROC) bands. Deadline for comments is 13 January 2012.
590 _aKA
651 4 _aScotland
_y1999-
690 _aENVIRONMENTAL AND LAND CONSULTANCY-ENERGY-ENERGY USE-ENERGY EFFICIENCY
856 4 0 _uhttps://www.scotland.gov.uk/Publications/2011/10/20092837/0
_zView the consultation free of charge at www.scotland.gov.uk
942 _n0
999 _c112874
_d112874